<?xml version="1.0" encoding="UTF-8"?><?xml-stylesheet type="text/xsl" href="static/style.xsl"?><OAI-PMH xmlns="http://www.openarchives.org/OAI/2.0/" xmlns:xsi="http://www.w3.org/2001/XMLSchema-instance" xsi:schemaLocation="http://www.openarchives.org/OAI/2.0/ http://www.openarchives.org/OAI/2.0/OAI-PMH.xsd"><responseDate>2026-04-14T06:51:13Z</responseDate><request verb="GetRecord" identifier="oai:www.recercat.cat:20.500.12327/3123" metadataPrefix="marc">https://recercat.cat/oai/request</request><GetRecord><record><header><identifier>oai:recercat.cat:20.500.12327/3123</identifier><datestamp>2025-10-22T11:08:19Z</datestamp><setSpec>com_2072_4428</setSpec><setSpec>com_2072_4427</setSpec><setSpec>col_2072_487898</setSpec></header><metadata><record xmlns="http://www.loc.gov/MARC21/slim" xmlns:dcterms="http://purl.org/dc/terms/" xmlns:xsi="http://www.w3.org/2001/XMLSchema-instance" xmlns:doc="http://www.lyncode.com/xoai" xsi:schemaLocation="http://www.loc.gov/MARC21/slim http://www.loc.gov/standards/marcxml/schema/MARC21slim.xsd">
   <leader>00925njm 22002777a 4500</leader>
   <datafield ind2=" " ind1=" " tag="042">
      <subfield code="a">dc</subfield>
   </datafield>
   <datafield ind2=" " ind1=" " tag="720">
      <subfield code="a">González, Víctor M</subfield>
      <subfield code="e">author</subfield>
   </datafield>
   <datafield ind2=" " ind1=" " tag="720">
      <subfield code="a">Rodríguez-Moreno, Luis</subfield>
      <subfield code="e">author</subfield>
   </datafield>
   <datafield ind2=" " ind1=" " tag="720">
      <subfield code="a">Centeno, Emilio</subfield>
      <subfield code="e">author</subfield>
   </datafield>
   <datafield ind2=" " ind1=" " tag="720">
      <subfield code="a">Benjak, Andrej</subfield>
      <subfield code="e">author</subfield>
   </datafield>
   <datafield ind2=" " ind1=" " tag="720">
      <subfield code="a">Garcia-Mas, Jordi</subfield>
      <subfield code="e">author</subfield>
   </datafield>
   <datafield ind2=" " ind1=" " tag="720">
      <subfield code="a">Puigdomènech, Pere</subfield>
      <subfield code="e">author</subfield>
   </datafield>
   <datafield ind2=" " ind1=" " tag="720">
      <subfield code="a">Aranda, Miguel A</subfield>
      <subfield code="e">author</subfield>
   </datafield>
   <datafield ind2=" " ind1=" " tag="260">
      <subfield code="c">2010-11-05</subfield>
   </datafield>
   <datafield ind2=" " ind1=" " tag="520">
      <subfield code="a">Background: Although melon (Cucumis melo L.) is an economically important fruit crop, no genome-wide&#xd;
sequence information is openly available at the current time. We therefore sequenced BAC-ends representing a&#xd;
total of 33,024 clones, half of them from a previously described melon BAC library generated with restriction&#xd;
endonucleases and the remainder from a new random-shear BAC library.&#xd;
Results: We generated a total of 47,140 high-quality BAC-end sequences (BES), 91.7% of which were paired-BES.&#xd;
Both libraries were assembled independently and then cross-assembled to obtain a final set of 33,372 nonredundant, high-quality sequences. These were grouped into 6,411 contigs (4.5 Mb) and 26,961 non-assembled BES&#xd;
(14.4 Mb), representing ~4.2% of the melon genome. The sequences were used to screen genomic databases,&#xd;
identifying 7,198 simple sequence repeats (corresponding to one microsatellite every 2.6 kb) and 2,484 additional&#xd;
repeats of which 95.9% represented transposable elements. The sequences were also used to screen expressed&#xd;
sequence tag (EST) databases, revealing 11,372 BES that were homologous to ESTs. This suggests that ~30% of the&#xd;
melon genome consists of coding DNA. We observed regions of microsynteny between melon paired-BES and six&#xd;
other dicotyledonous plant genomes.&#xd;
Conclusion: The analysis of nearly 50,000 BES from two complementary genomic libraries covered ~4.2% of the&#xd;
melon genome, providing insight into properties such as microsatellite and transposable element distribution, and&#xd;
the percentage of coding DNA. The observed synteny between melon paired-BES and six other plant genomes&#xd;
showed that useful comparative genomic data can be derived through large scale BAC-end sequencing by&#xd;
anchoring a small proportion of the melon genome to other sequenced genomes.</subfield>
   </datafield>
   <datafield ind1="8" ind2=" " tag="024">
      <subfield code="a">González, Víctor M, Luis Rodríguez-Moreno, Emilio Centeno, Andrej Benjak, Jordi Garcia-Mas, Pere Puigdomènech, and Miguel A Aranda. 2010. “Genome-wide BAC-end Sequencing of Cucumis Melo Using Two BAC Libraries.” BMC Genomics 11 (1): 618. doi: 10.1186/1471-2164-11-618</subfield>
   </datafield>
   <datafield ind1="8" ind2=" " tag="024">
      <subfield code="a">1471-2164</subfield>
   </datafield>
   <datafield ind1="8" ind2=" " tag="024">
      <subfield code="a">http://hdl.handle.net/20.500.12327/3123</subfield>
   </datafield>
   <datafield ind1="8" ind2=" " tag="024">
      <subfield code="a">https://doi.org/10.1186/1471-2164-11-618</subfield>
   </datafield>
   <datafield ind2="0" ind1="0" tag="245">
      <subfield code="a">Genome-wide BAC-end sequencing of Cucumis melo using two BAC libraries</subfield>
   </datafield>
</record></metadata></record></GetRecord></OAI-PMH>